Frankfurt Airport (FRA) Destinations - Statistics

General Stats
  • This quiz has been taken 1,964 times
    1,634 since last reset
  • The average score is 154 of 319
Answer Stats
Hint Answer % Correct
British Airways, Lufthansa Regional London-City
92%
British Airways, Lufthansa London-Heathrow
92%
Ryanair London-Stansted
92%
Delta, Lufthansa, Singapore Air New York-JFK
92%
Air France, Lufthansa Paris-Charles de Gaulle
92%
Aer Lingus, Lufthansa Dublin
91%
Lufthansa Moscow-Domodedovo
90%
Aeroflot Moscow-Sheremetyevo
90%
Alitalia, Lufthansa Rome
90%
easyJet, Lufthansa Berlin-Tegel
89%
Emirates, Lufthansa Dubai
89%
Air Europa, Iberia, LATAM Chile, Lufthansa, Ryanair Madrid
89%
Aegean Air, Lufthansa, Ryanair Athens
88%
Ryanair Bergamo
88%
Finnair, Lufthansa Helsinki
88%
Lufthansa, Onur Air, Turkish Airlines Istanbul-Ataturk
88%
Pegasus Air Istanbul–Sabiha Gökçen
88%
Alitalia, Lufthansa Milan-Linate
88%
Lufthansa Milan-Malpensa
88%
Lufthansa Munich
88%
Lufthansa, SAS Oslo-Gardermoen
88%
All Nippon Airways, Lufthansa Tokyo-Haneda
88%
Japan Air Tokyo-Narita
88%
Lufthansa Los Angeles
87%
Lufthansa, SAS Stockholm-Arlanda
87%
Austrian Air, Lufthansa Vienna
87%
KLM, Lufthansa, Lufthansa Regional Amsterdam
86%
Air China, Lufthansa Beijing
86%
EgyptAir, Lufthansa Cairo
86%
Lufthansa Ryanair Barcelona
85%
Lufthansa, SAS Copenhagen
85%
Lufthansa Hamburg
85%
Cathay Pacific, Lufthansa Hong Kong
85%
Lufthansa, TAP Portugal, Ryanair Lisbon
85%
Air China, China Eastern, Lufthansa Shanghai-Pudong
85%
Air Canada, Condor, Lufthansa Toronto-Pearson
85%
LOT Polish, Lufthansa Warsaw
85%
Lufthansa, Ural Airlines Saint Petersburg
84%
Lufthansa, Swiss International Airlines Zurich
84%
Lufthansa, United Chicago-O'hare
83%
Lufthansa Miami
83%
Lufthansa, United San Francisco
83%
Lufthansa, Ryanair Manchester
82%
SunExpress Deutschland Van
82%
Croatia Air, Lufthansa Zagreb
82%
American Airlines, Lufthansa Dallas/Fort Worth
81%
Asiana Airlines, Korean Air, Lufthansa Seoul-Incheon
81%
Air India, Lufthansa Delhi
80%
airBaltic, Lufthansa Riga
80%
Air Canada, Condor, Lufthansa Vancouver
80%
Lufthansa, SunExpress Deutshland, Turkish Airlines Ankara
79%
Condor, Lufthansa, Thai Airways Bangkok-Suvarnabhumi
79%
Lufthansa Boston
79%
Ryanair Porto
79%
Czech Air, Lufthansa Prague
79%
Condor, Lufthansa Rio de Janeiro
79%
Lufthansa, Singapore Air Singapore
79%
Bulgaria Air, Lufthansa, Wizz Air Sofia
79%
Etihad Air Abu Dhabi
78%
Lufthansa, Lufthansa Regional Brussels
78%
Lufthansa, South African Airways Johannesburg
78%
TUIfly Sal
78%
El Al, Lufthansa Tel Aviv
78%
Lufthansa, Tunisair Tunis
78%
Delta, Lufthansa Atlanta
77%
Lufthansa, Wizz Air Budapest
77%
Lufthansa, United Houston
77%
Lufthansa Mumbai
77%
Lufthansa, Lufthansa Regional, TAROM Bucharest
76%
Royal Air Maroc Casablanca
76%
Qatar Airways Doha
76%
Lufthansa Edinburgh
76%
Lufthansa, Ryanair Marseille
76%
Lufthansa Nice
76%
Air Serbia, Lufthansa, Lufthansa Regional Belgrade
75%
Condor, Lufthansa Cape Town
75%
Lufthansa, Ryanair Glasgow
75%
Air Canada, Lufthansa Montreal-Trudeau
75%
Condor, Germania, Lufthansa, Niki, Ryanair, SunExpress Deutschland, TUIfly Palma de Mallorca
75%
Condor, Lufthansa Seattle
75%
Lufthansa Venice
75%
Lufthansa, United Washington-Dulles
75%
Lufthansa Lyon
74%
LATAM Brazil, Lufthansa Sao Paulo
74%
Lufthansa Geneva
73%
Lufthansa, Ukraine International Airlines Kiev
73%
Lufthansa, Saudia Riyadh
72%
LATAM Chile Santiago de Chile
72%
Lufthansa Santiago de Compostela
72%
Air Algerie, Lufthansa Algiers
71%
Lufthansa Buenos Aires
71%
Lufthansa, Lufthansa Regional Dusseldorf
71%
Lufthansa Vilnius
71%
Lufthansa Naples
70%
Lufthansa Denver
69%
Kuwait Airways, Lufthansa Kuwait
69%
Lufthansa Orlando
69%
Lufthansa Mexico City
68%
Lufthansa Osaka-Kansai
68%
Lufthansa Birmingham
67%
Belavia, Lufthansa Regional Minsk
67%
Vietnam Airlines Hanoi
66%
Lufthansa, Ryanair Krakow
66%
American Airlines, Lufthansa Philadelphia
66%
Icelandair, Lufthansa, WOW Air Reykjavik
66%
Iran Air, Lufthansa Tehran
66%
Condor, Lufthansa, SunExpress, SunExpress Deutschland, TUIfly Antalya
65%
Air Astana, Lufthansa Astana
65%
Lufthansa Stuttgart
65%
Delta, Lufthansa Detroit
63%
China Southern Guangzhou
63%
SunExpress, SunExpress Deutschland Izmir
63%
Lufthansa, Ryanair Malaga
63%
Lufthansa Tallinn
63%
Lufthansa, Royal Jordanian Amman
62%
Lufthansa, Middle East Airlines Beirut
62%
Condor Las Vegas
62%
Air Malta, Condor, Lufthansa Malta
62%
Lufthansa Regional Palermo
62%
Austrian Air Salzburg
62%
Condor, Croatia Air, Lufthansa Split
62%
Lufthansa, Ryanair Valencia
62%
Lufthansa Bogota
61%
Lufthansa Nairobi
61%
Aegean Air, Condor, Ellinair, SunExpress Deutschland Thessaloniki
61%
Croatia Air, Lufthansa Dubrovnik
60%
Lufthansa, Saudia Jeddah
60%
China Airlines Taipei-Taoyuan
60%
Lufthansa, Lufthansa Regional Turin
60%
Air France, Lufthansa Bordeaux
59%
Austrian Air Innsbruck
59%
Oman Air Muscat
59%
Adria Air, Lufthansa Regional Tirana
59%
Lufthansa Regional Basel/Mulhouse
58%
Lufthansa, Lufthansa Regional Bilbao
58%
Air Canada, Condor Calgary
58%
American Airlines Charlotte
58%
Air Moldova, Lufthansa Chisinau
58%
Lufthansa Regional Florence
58%
Lufthansa Lagos
58%
Lufthansa, Ryanair Toulouse
58%
Adria Air Ljubljana
57%
Ethiopian Air, Lufthansa Addis Ababa
56%
Condor, SunExpress Deutschland, TUIfly Ibiza
56%
Lufthansa, Lufthansa Regional Gdansk
54%
Austrian Air Graz
54%
Lufthansa, Lufthansa Regional Leipzig/Halle
54%
Lufthansa Baku
53%
Condor Havana
53%
Air Canada Ottawa
53%
Lufthansa Dresden
52%
Condor, Ryanair, TUIfly Tenerife-South
52%
Condor, Lufthansa Cancun
51%
Lufthansa Hanover
51%
Aegean Air, Condor, TUIfly, SunExpress Deutschland Heraklion
51%
Iraqi Air Baghdad
50%
Lufthansa Bremen
50%
Lufthansa, United Newark
50%
Lufthansa Gothenburg
49%
Lufthansa, Ryanair Seville
49%
Air Namibia, Condor Windhoek
49%
Lufthansa, Ryanair, TUIfly Faro
48%
Lufthansa Regional Luxembourg
48%
Lufthansa Tampa
48%
Lufthansa, Ryanair Alicante
47%
Condor Minneapolis/St. Paul
47%
Montenegro Air Podgorica
47%
Lufthansa San Jose (CA)
47%
Condor, Lufthansa San Jose (CR)
47%
Lufthansa Almaty
46%
Air China Chengdu
46%
Vietnam Airlines Ho Chi Minh City
46%
Condor Austin
45%
Lufthansa, Lufthansa Regional Bologna
45%
Condor Portland
45%
Ryanair Catania
44%
Adria Air Pristina
44%
Aegean Air, Condor, TUIfly Rhodes
44%
Aegean Air, Condor, Ryanair, TUIfly Corfu
43%
Lufthansa Chennai
42%
Condor, Ryanair, TUIfly Gran Canaria
42%
Lufthansa, Lufthansa Regional Linz
42%
Air Arabia Maroc, Lufthansa Marrakesh
42%
Air China Shenzhen
42%
Lufthansa Bangalore
41%
Condor, Lufthansa Panama City
41%
Condor Santo Domingo
41%
Gulf Air, Lufthansa Bahrain
40%
Condor, TUIfly Kos
40%
Lufthansa Katowice
39%
Thai Air Phuket
39%
SunExpress Deutschland Varna
39%
Condor Baltimore
38%
Condor, Lufthansa Male
38%
Ryanair Pisa
38%
Lufthansa, Lufthansa Regional Wroclaw
38%
Lufthansa Luanda
37%
Lufthansa, Lufthansa Regional Nuremberg
37%
MIAT Mongolian Air Ulaanbaatar
37%
Lufthansa Abuja
36%
Condor, Lufthansa, TUIfly Funchal
36%
Cobalt Air, Condor, Lufthansa Larnaca
36%
BMI Regional Bristol
35%
TUIfly Minorca
35%
Condor, Lufthansa, Ryanair Santorini
35%
Lufthansa Regional Cagliari
34%
Lufthansa Nagoya
34%
Condor New Orleans
34%
Lufthansa, Turkmenistan Air Ashgabat
33%
Lufthansa Regional Cluj-Napoca
33%
Condor Halifax
33%
Saudia Medina
33%
Condor, Ryanair Mykonos
33%
Lufthansa, Lufthansa Regional Poznan
33%
Lufthansa Regional Verona
33%
Condor, SunExpress Deutschland, TUIfly Hurghada
32%
Condor, Lufthansa Mauritius
32%
Lufthansa Menorca
32%
Condor Punta Cana
31%
Lufthansa Billund
30%
TUIfly Fuerteventura
30%
Condor, Ryanair, SunExpress Deutschland, TUIfly Lanzarote
30%
Condor Nassau
30%
Air Algerie Oran
30%
Condor, Croatia Air, Lufthansa, TUIfly, Ryanair Zadar
30%
Condor, Ryanair, SunExpress Deutschland Agadir
28%
Condor Fort Lauderdale
28%
Lufthansa Shannon
28%
Lufthansa Bodrum
27%
Croatia Air, Lufthansa Regional, Ryanair Pula
27%
Condor Anchorage
25%
Condor, SunExpress Deutschland Burgas
25%
Condor. Ryanair, SunExpress Deutschland Chania
24%
Lufthansa Dammam
24%
Condor, Tunisair Djerba
23%
Aeroflot Kazan
23%
SunExpress Deutschland Luxor
23%
Condor, Ryanair Rijeka
23%
Condor San Juan
23%
SunExpress Deutschland, TUIfly Sharm el-Sheikh
23%
Lufthansa Tromso
23%
Condor Pittsburgh
22%
Lufthansa Regional Timișoara
22%
SunExpress Deutschland Adana
21%
Lufthansa Nanjing
21%
Lufthansa Regional Olbia
21%
Azores Air Ponta Delgada
21%
Somon Air Dushanbe
20%
Lufthansa Münster/Osnabrück
20%
Condor Zanzibar
20%
Lufthansa Regional Aalborg
19%
Lufthansa Qingdao
19%
Condor Zakynthos
19%
Condor, TUIfly Dalaman
18%
Ryanair Murcia
18%
Ryanair Brindisi
17%
Condor Mombasa
17%
Condor Montego Bay
17%
S7 Novosibirsk
17%
Condor Recife
17%
UTair Aviation Rostov-on-Don
17%
Lufthansa Regional Sylt
17%
Condor Kalamata
16%
Condor La Palma
16%
Condor Salvador da Bahia
16%
Lufthansa Shenyang
16%
Condor Barbados
15%
Lufthansa Regional Friedrichshafen
15%
Lufthansa Regional Bastia
14%
Condor Mahe
14%
Condor Samos
14%
Condor Varadero
14%
Condor Fortaleza
13%
Condor, SunExpress Deutschland Lamezia Terme
13%
Germania, SunExpress Deutschland, TUIfly Marsa Alam
13%
Lufthansa Regional Constanta
12%
Condor Grenada
12%
Ryanair Kefalonia
12%
Lufthansa Regional Paderborn/Lippstadt
12%
TUIfly Boa Vista
11%
Condor Puerto Plata
11%
Condor Whitehorse
11%
Condor Antigua
10%
China Southern Changsha
10%
Condor Fairbanks
10%
Ryanair Girona
10%
Turkish Airlines Kayseri
10%
Condor, Tunisair Enfidha
9%
Condor Holguín
9%
Condor Kilimanjaro
9%
TUIfly Patras
9%
Lufthansa Pune
9%
SunExpress Deutschland Samsun
9%
Lufthansa Regional Sibiu
9%
Condor Kavala
8%
Lufthansa Malabo
8%
Lufthansa Pamplona
8%
Lufthansa Port Harcourt
8%
Condor Preveza
8%
Ryanair Treviso
8%
airBaltic, Lufthansa Heringsdorf
7%
Condor, TUIfly Jerez de la Frontera
7%
Finnair Kittilä
7%
Royal Air Maroc Nador
7%
Lufthansa Regional Bydgoszcz
6%
Air Astana Atyrau
5%
SunExpress Deutschland Gazipaşa
5%
Lufthansa Ivalo
5%
Lufthansa Kuusamo
5%
Condor Providence
5%
Condor Tobago
5%
Condor Fort-de-France
4%
BMI Regional Jönköping
4%
Lufthansa Hévíz–Balaton
3%
BMI Regional Karlstad
3%
Ryanair Perpignan
3%
Ryanair Perugia
3%
SunExpress Ordu-Giresun
2%
Condor Porto Santo
2%
No matching quizzes found
Score Distribution
Percent of People with Each Score
Percentile by Number Answered
Your Score History
You have not taken this quiz since the last reset